LEADER 01319namaa2200325 i 4500 001 000000178684 003 CaOOAMICUS 005 20260422120840.0 007 tu 008 260422s2026 it df 000 u ita r 020 $a979-12-5627-211-2* 040 $aPUL$bita$erda 082 0 $a241.697 100 1 $aRinaldi, Angela,$d1990-,$eautore.$0(OLS)http://pul/name/111172 245 10$aSafeguarding e Capabilities Approach per lo sviluppo umano integrale /$cAngela Rinaldi. 264 4$c©2026. 300 $a223 pagine: $bGrafici, tavole ; $c21 cm 336 $atesto$btxt$2rdacontent 337 $asenza mediazione$bn$2rdamedia 338 $avolume$bnc$2rdacarrier 504 $aBibliografia in nota a pič pagina e a pagine 211-219. 650 4$aAbusi sessuali.$0(OLS)http://pul/subject/45697 850 $aPUL 852 $aPUL$W1$xSL Religione 3$y85$m241. 697 RINAN 1$j202457$qDDC 21$B207868$CPULBib$Z2$F207868 $H138567 $82 941 1 $a9 996 $6020$a979-12-5627-211-2*$9(OLS)http://pul/number/170943 996 $6082$a241.697$9(OLS)http://pul/classification/3543 996 $6245$aSafeguarding e Capabilities Approach per lo sviluppo umano integrale$9(OLS)http://pul/title/220260 996 $6264$a[S.l.] :$b[s.n.]$9(OLS)http://pul/publisher/0 LEADER 01895namaa2200409 i 4500 001 000000178694 003 CaOOAMICUS 005 20260504135619.0 007 tu 008 260504s2025 it 000 u ita r 020 $a978-88-08-52041-8* 040 $aPUL$bita$erda 082 0 $a346.4504 100 1 $aChianale, Angelo,$d1963-,$eautore.$0(OLS)http://pul/name/55423 245 10$aDella trascrizione : $bart. 2643-2696 /$cAngelo Chianale. 264 4$c©2025.. 264 1$aBologna :$bZanichelli,$c2025. 300 $aXLI, 1187 pagine;$c24 cm 336 $atesto$btxt$2rdacontent 337 $asenza mediazione$bn$2rdamedia 338 $avolume$bnc$2rdacarrier 490 1 $aCommentario del codice civile e codici collegati Scialoja-Branca-Galgano$aLibro sesto$aDella tutela dei diritti ;$vArt. 2643-2696 500 $aTitolo sul dorso 504 $aContiene riferimenti bibliografici e indice. 650 4$aCodice civile.$0(OLS)http://pul/subject/2361 650 4$aDiritto di proprietą.$0(OLS)http://pul/subject/47153 700 1 $aAgostinelli, Benedetta,$d1975-,$ecollaboratore.$0(OLS)http://pul/name/82758 830 0$aCommentario del Codice civile e codici collegati Scialoja-Branca-Galgano.$nLibro sesto.$pDella tutela dei diritti ;$vArt. 2643-2696.$0(OLS)http://pul/title/186372 850 $aPUL 852 $aPUL$W1$xSL Diritto e Scienze Sociali 3$y79$m346. 45 COLL 7.2643$j202477$qDDC 21$B207887$CPULBib$Z2$F207887 $H138577 $82 941 1 $a9 996 $6020$a978-88-08-52041-8*$9(OLS)http://pul/number/170953 996 $6082$a346.4504$9(OLS)http://pul/classification/1822 996 $6245$aDella trascrizione : $bart. 2643-2696$9(OLS)http://pul/title/220270 996 $6264$aBologna :$bZanichelli$9(OLS)http://pul/publisher/48255 996 $6264$a[S.l.] :$b[s.n.]$9(OLS)http://pul/publisher/0